Garden flowers / (Record no. 131726)

MARC details
000 -LEADER
fixed length control field 00640nam a22002417a 4500
005 - DATE AND TIME OF LATEST TRANSACTION
control field 20170124110137.0
010 ## - LIBRARY OF CONGRESS CONTROL NUMBER
LC control number 467706
020 ## - INTERNATIONAL STANDARD BOOK NUMBER
Terms of availability 9.50
035 ## - SYSTEM CONTROL NUMBER
System control number 467706
037 ## - SOURCE OF ACQUISITION
Source of stock number/acquisition Cen Lib/Ret
040 ## - CATALOGING SOURCE
Original cataloging agency DPL
Language of cataloging EN
082 ## - DEWEY DECIMAL CLASSIFICATION NUMBER
Classification number 635.9
Item number SWA
100 ## - MAIN ENTRY--PERSONAL NAME
Personal name Swarup, Vishnu
9 (RLIN) 32595
245 ## - TITLE STATEMENT
Title Garden flowers /
Statement of responsibility, etc by Vishnu Swarup
260 ## - PUBLICATION, DISTRIBUTION, ETC. (IMPRINT)
Name of publisher, distributor, etc National Book Trust
Place of publication, distribution, etc New Delhi
Date of publication, distribution, etc 1967
270 ## - ADDRESS
City New Delhi
300 ## - PHYSICAL DESCRIPTION
Extent xii,258p.
Dimensions 20cm(Hb)
490 ## - SERIES STATEMENT
Series statement India-the land and people
500 ## - GENERAL NOTE
General note Includes index
650 ## - SUBJECT ADDED ENTRY--TOPICAL TERM
Topical term or geographic name as entry element Flowers -- India
9 (RLIN) 102138
650 ## - SUBJECT ADDED ENTRY--TOPICAL TERM
Topical term or geographic name as entry element Flowers
9 (RLIN) 102139
942 ## - ADDED ENTRY ELEMENTS (KOHA)
Source of classification or shelving scheme Dewey Decimal Classification
Koha item type English Books
Classification part 635.9
Call number suffix SWA
Holdings
Withdrawn status Lost status Damaged status Not for loan Home library Current library Date acquired Source of acquisition Cost, normal purchase price Total Checkouts Full call number Barcode Date last seen Copy number Cost, replacement price Price effective from Koha item type Public note
Written off       Central Library Central Library 15/07/2015 Cen Lib/Ret 9.50   635.9 SWA 467706 15/07/2015 1 9.50 15/07/2015 English Books W/d List No. 6873/ 1; dtd 20/08/2020

© Delhi Public Library
Hit Counter
free hit counter